ბათუმის შოთა რუსთაველის სახელმწიფო უნივერსიტეტის ბიბლიოთეკა

მცენარეთა დაცვის მანქანები და აპარატები. (ბიბ.ჩანაწერი № 44351)

000 -LEADER
fixed length control field 00824nam a2200217Ia 4500
001 - CONTROL NUMBER
control field 11112
003 - CONTROL NUMBER IDENTIFIER
control field GE_BSU
008 - FIXED-LENGTH DATA ELEMENTS--GENERAL INFORMATION
fixed length control field 181216s||||||||xx |||||||||||||| ||und||
040 ## - CATALOGING SOURCE
Transcribing agency GE_BSU
080 ## - UNIVERSAL DECIMAL CLASSIFICATION NUMBER
Universal Decimal Classification number 632.98
100 ## - MAIN ENTRY--PERSONAL NAME
Personal name აფხაიძე,ა. ლეჟავა,კ.
245 ## - TITLE STATEMENT
Title მცენარეთა დაცვის მანქანები და აპარატები.
245 ## - TITLE STATEMENT
Statement of responsibility, etc. საზოგადოებრივი რედ:ირ.კაკულიძე.
260 ## - PUBLICATION, DISTRIBUTION, ETC.
Place of publication, distribution, etc. თბილისი.
260 ## - PUBLICATION, DISTRIBUTION, ETC.
Name of publisher, distributor, etc. საბჭოთა საქართველო.
260 ## - PUBLICATION, DISTRIBUTION, ETC.
Date of publication, distribution, etc. 1963.
300 ## - PHYSICAL DESCRIPTION
Extent 159გვ;20სმ.
300 ## - PHYSICAL DESCRIPTION
Accompanying material ილ;
653 ## - INDEX TERM--UNCONTROLLED
Uncontrolled term მცენარეთა დაცვის მანქანები და აპარატები.
942 ## - ADDED ENTRY ELEMENTS (KOHA)
Koha item type წიგნი
ეგზემპლარები
Withdrawn status Lost status Damaged status Not for loan Date acquired Barcode Date last seen Price effective from Koha item type
        2018-12-17 19292 2018-12-17 2018-12-17 წიგნი